000 00396nam a2200145Ia 4500
008 150201s2008 xx 000 0 und d
082 _a617.6
_bO2008C
100 _aCARLOS, E
245 _aOSSEOINTEGRATION & MULT IDISAPLING TREATMENT
250 _a1ST
260 _bQUINTESSENCE PUBLICATION
_aCHICAGO
_c2008
300 _a1-354
650 _aPREVENTIVE AND COMMUNITY DENTISTRY
942 _2ddc
_cBK
999 _c4493
_d4493